000 02734nam0a2200433 i 4500
001 RU\NLR\BIBL_A\010982765
005 20260407095030.0
010 _a9785966914851
_9200
021 _aRU
_b2016-6372
_9405
035 _a(NILC)RuMoRGB-008131060
035 _a(NLR Aleph) 010982765
090 _a10882859
_c10882859
100 _a20160217d2015 k y0rusy50 ca
101 0 _arus
102 _aRU
105 _ay|||z||||||y|
200 1 _aСоциально-экономическая и инновационная активность молодежи: критический дискурс-анализ и социологическое исследование факторов формирования
_eколлективная монография
_f[И.В. Василенко, Е.Н. Васильева, А.П. Галкин и др.]
_gпод общ. ред. Е.Н. Васильевой
_gМ-во образования и науки РФ, Федеральное гос. автономное образовательное учреждение высш. проф. образования "Волгоградский гос. ун-т"
210 _aВолгоград
_cИзд-во Волгоградского государственного университета
_d2015
215 _a135 с.
_cил.
_d20
300 _aАвт. указаны на обороте тит. л.
320 _aБиблиогр.: с. 124-135
606 _aМолодежь
_xЭкономическое поведение
_yРоссийская Федерация
_92450145
_3RU\NLR\AUTH\661456830
606 _aМолодежь
_xАктивность общественная
_xСоциологические исследования
_92612609
_3RU\NLR\AUTH\661549167
610 0 _aинновационная активность молодежи
610 0 _aсоциально-экономическая активность молодежи
675 _a316
686 1 _aУ9(2)-13(2Р)
686 1 _aС550.325.1
701 1 _aВасиленко
_bИ. В.
_gИнна Викторовна
701 1 _7ca
_8rus
_aВасильева
_bЕ. Н.
_cд-р социол. наук
_gЕкатерина Николаевна
_956561
_3RU\NLR\AUTH\7773633
701 1 _aГалкин
_bА. П.
702 1 _4340
_7ca
_8rus
_aВасильева
_bЕ. Н.
_cд-р социол. наук
_gЕкатерина Николаевна
_956561
_3RU\NLR\AUTH\7773633
712 0 2 _4570
_aВолгоградский государственный университет
_9339574
_3RU\NLR\AUTH\889921739
801 0 _aRU
_bРГБ
_c20160201
_gRCR
801 2 _aRU
_bРГБ
_c20160204
_grcr
942 _cBOOK
980 _aNBR